La isla misteriosa / (Registro nro. 7387)
[ vista simple ]
| 000 -LIDER | |
|---|---|
| fixed length control field | 00895nam a2200289 a 4500 |
| 001 - NÚMERO DE CONTROL | |
| Identificador de número de control | 000000318 |
| 003 - IDENTIFICACDOR DE NÚMERO DE CONTROL | |
| control field | DO-SdBNP |
| 005 - DATE AND TIME OF LATEST TRANSACTION | |
| control field | 20180402140610.0 |
| 007 - CAMPOS FIJOS DE DESCRIPCIÓN FÍSICA | |
| fixed length control field | 000000318 |
| 008 - ELEMENTOS DE LONGITUD FIJA | |
| fixed length control field | 081028s2008 dr a 001 0 spa d |
| 020 ## - ISBN | |
| International Standard Book Number | 9789945406719 |
| 040 ## - FUENTE DE CATALOGACIÓN | |
| Agencia que crea de manera original el registro | BPMET |
| Idioma de catalogación | spa |
| Agencia que realiza la transcripción | BPMET |
| 092 ## - LOCALLY ASSIGNED DEWEY DECIMAL CALL NUMBER | |
| Número de clasificación | 843.92 |
| Número de ítem (Cutter) | V531i |
| 100 1# - ASIENTO PRINCIPAL -- NOMBRE PERSONAL | |
| Nombre personal | Verne, Julio |
| Fechas asociadas con el nombre | 1828-1905 |
| 245 13 - MENCIÓN DE TITULO | |
| Título | La isla misteriosa / |
| Mención de responsabilidad | Julio Verne ; versión María Isabel Plaz-Power ; ilustraciones Gorka Echevarrieta. |
| 260 ## - PUBLICACIÓN, DISTRIBUCIÓN, ETC. (PIE DE IMPRENTA) | |
| Lugar de publicación, distribución, etc | Santo Domingo : |
| Nombre del editor, distribuidor, etc. | Tobogán- Panapo, |
| Fecha de publicación, distribución, etc | 2008. |
| 300 ## - DESCRIPCIÓN FÍSICA | |
| Extensión | 110 p. : |
| Otros detalles físicos | il. ; |
| Dimensiones | 23 cm. |
| 490 1# - MENCIÓN DE SERIES | |
| Mención de serie | Clásicos universales |
| 650 #4 - ENCABEZAMIENTO DE MATERIA--TEMÁTICO | |
| Término temático o nombre geográfico como elemento de entrada | LITERATURA FRANCESA |
| 650 #4 - ENCABEZAMIENTO DE MATERIA--TEMÁTICO | |
| Término temático o nombre geográfico como elemento de entrada | NOVELA FRANCESA |
| 700 1# - ASIENTO SECUNDARIO -- NOMBRE PERSONAL | |
| Nombre personal | Plaz Power, María Isabel |
| 700 1# - ASIENTO SECUNDARIO -- NOMBRE PERSONAL | |
| Nombre personal | Echevarrieta, Gorka, |
| Mención de responsabilidad | il. |
| 830 #0 - ASIENTO SECUNDARIO DE SERIE--TÍTULO UNIFORME | |
| Título uniforme | Clásicos universales |
| 942 ## - ADDED ENTRY ELEMENTS (KOHA) | |
| Source of classification or shelving scheme | Dewey Decimal Classification |
| Koha item type | Libros |
| 945 ## - INFORMACIÓN DE PROCESAMIENTO LOCAL | |
| Información de procesamiento local | Inventariado / 2018 VM |
| 956 ## - LOCAL ELECTRONIC LOCATION AND ACCESS (OCLC) | |
| Nombre de host | VMATEO |
| Número de acceso | 10 |
| Información de compresión | 20110921 |
| Inicio de sesión | BPMSU |
| Procesador de solicitud | 0069 |
| Withdrawn status | Lost status | Source of classification or shelving scheme | Damaged status | Not for loan | Collection code | Home library | Current library | Date acquired | Total Checkouts | Barcode | Date last seen | Copy number | Price effective from | Koha item type | Cost, replacement price |
|---|---|---|---|---|---|---|---|---|---|---|---|---|---|---|---|
| Dewey Decimal Classification | Colección Juvenil Dominicana | Biblioteca Pública Metropolitana Salomé Ureña | Biblioteca Pública Metropolitana Salomé Ureña | 02/13/2015 | BPMET15041194 | 02/13/2015 | 02/13/2015 | Libros | |||||||
| Dewey Decimal Classification | Colección Juvenil Dominicana | Biblioteca Pública Metropolitana Salomé Ureña | Biblioteca Pública Metropolitana Salomé Ureña | 02/13/2015 | BPMET15041195 | 02/13/2015 | e. 2 | 02/13/2015 | Libros | 0.00 |